Color, environment, and human response : (Record no. 352827)

000 -LEADER
fixed length control field 00995 a2200241 4500
003 - CONTROL NUMBER IDENTIFIER
control field OSt
005 - DATE AND TIME OF LATEST TRANSACTION
control field 20180116192348.0
008 - FIXED-LENGTH DATA ELEMENTS--GENERAL INFORMATION
fixed length control field 120531t xxu||||| |||| 00| 0 eng d
020 ## - INTERNATIONAL STANDARD BOOK NUMBER
International Standard Book Number 0442019351
020 ## - INTERNATIONAL STANDARD BOOK NUMBER
International Standard Book Number 9780471286677
040 ## - CATALOGING SOURCE
Transcribing agency 0
082 04 - DEWEY DECIMAL CLASSIFICATION NUMBER
Classification number 729
100 1# - MAIN ENTRY--PERSONAL NAME
Personal name Mahnke, Frank H.
9 (RLIN) 2958
245 10 - TITLE STATEMENT
Title Color, environment, and human response :
Remainder of title an interdisciplinary understanding of color and its use as a beneficial element in the design of the architectural environment /
Statement of responsibility, etc. Frank H. Mahnke.
260 ## - PUBLICATION, DISTRIBUTION, ETC.
Place of publication, distribution, etc. New York :
-- London :
Name of publisher, distributor, etc. Van Nostrand Reinhold ;
-- Chapman & Hall [distributor],
Date of publication, distribution, etc. c1996.
300 ## - PHYSICAL DESCRIPTION
Extent xii, 234p. :
Other physical details ill. (some col.) ;
Dimensions 26cm.
500 ## - GENERAL NOTE
General note Includes bibliographical references (p. [211]-219) and index.
650 10 - SUBJECT ADDED ENTRY--TOPICAL TERM
Topical term or geographic name entry element Color in architecture.
9 (RLIN) 2959
650 10 - SUBJECT ADDED ENTRY--TOPICAL TERM
Topical term or geographic name entry element Architecture
General subdivision Environmental aspects.
9 (RLIN) 2960
650 10 - SUBJECT ADDED ENTRY--TOPICAL TERM
Topical term or geographic name entry element Architecture
General subdivision Human factors
9 (RLIN) 2961
942 ## - ADDED ENTRY ELEMENTS (KOHA)
Institution code [OBSOLETE] SADA
Koha item type Book
Call number prefix 729 MAH 1996
Source of classification or shelving scheme
Holdings
Withdrawn status Lost status Source of classification or shelving scheme Damaged status Not for loan Permanent Location Current Location Date acquired Total Checkouts Total Renewals Full call number Barcode Date last seen Date last checked out Cost, replacement price Price effective from Koha item type
          School of Art Design and Architecture (SADA) School of Art Design and Architecture (SADA) 04/14/2011 6 3 729 MAH 1996 SADA0000871 01/05/2016 12/16/2015 5144.00 08/05/2011 Book
© 2023 Central Library, National University of Sciences and Technology. All Rights Reserved.